000 01372 a2200229 4500
001 43049
005 20260407155715.0
008 260407a1964 arg spa d
003 AR-UNSa-BCEJYS
040 _aAR-UNSa-BCEJYS
_bspa
_cAR-UNSa-BCEJYS
080 _a911.3:33
_xGeografía económica
245 1 0 _aGeografía Rural
020 _a84-344-3403-2
264 1 _aBarcelona :
_bAriel
_c1964
300 _a362 p.
_c20 cm.
505 _aParte I: Realidad y rigor de las condiciones naturales: 1. El espacio agrícola - 2. Los ritmos estacionales - 3. Los suelos - 4. Concurrencias, parasitismo, enfermedades - 5. Liberación desigual e inertidumbre permanente - Parte II : Sociedades y técnicas : 1. El acondicionamiento - 2. Apropiación y explotación - 3. Trabajo y técnicas - 4. El hábitat rural - Parte III: Economía rural y organización regional: Introducción - 1. La agricultura de subsistencia - 2. La agricultura de mercado - 3. La gricultura de especulación - 4. La agricultura de los paises de economía socialista - Parte IV: Los problemas: 1. Problemas del hombre y problemas de la alimentación - 2. Los problemas de la adaptación de la explotación - 3. Los problemas de la comercialización y de los precios.
041 _aspa
942 _cBK
590 _aniveau_biblio:m niveau_hierar:0
100 1 _aSoler, J.
700 1 _aGeorge, Pierre
999 _c3650
_d3650